[Event "Open International Graz"]
[Date "2026.02.20"]
[White "Piekielny, Pawel"]
[Black "Czernek, Tymon"]
[WhiteElo "2316"]
[BlackElo "2403"]
[Round "9.9.12"]
[Result "1/2-1/2"]

e4 {[%clk 1:30:58]} c5 {[%clk 1:30:53]} Nf3 {[%clk 1:31:24]} d6 {[%clk 1:31:19]}
d4 {[%clk 1:31:49]} cxd4 {[%clk 1:31:46]} Qxd4 {[%clk 1:32:15]} Nc6 {[%clk
1:31:51]} Bb5 {[%clk 1:32:39]} Bd7 {[%clk 1:32:10]} Qd3 {[%clk 1:33:04]} Nf6
{[%clk 1:30:07]} c4 {[%clk 1:33:06]} e6 {[%clk 1:25:07]} Nc3 {[%clk 1:33:00]}
Be7 {[%clk 1:24:48]} O-O {[%clk 1:32:56]} O-O {[%clk 1:25:03]} Rd1 {[%clk
1:29:53]} a6 {[%clk 1:23:25]} Bxc6 {[%clk 1:29:37]} Bxc6 {[%clk 1:23:54]} Nd4
{[%clk 1:28:08]} Qc7 {[%clk 1:23:27]} Be3 {[%clk 1:19:51]} Ng4 {[%clk 1:21:45]}
Bf4 {[%clk 1:19:48]} Ne5 {[%clk 1:14:43]} Qe2 {[%clk 1:19:44]} Bd7 {[%clk
1:13:24]} Rac1 {[%clk 1:19:42]} Rac8 {[%clk 1:12:59]} b3 {[%clk 1:20:06]} Rfd8
{[%clk 1:12:21]} Be3 {[%clk 1:04:16]} Nc6 {[%clk 1:02:29]} Nf3 {[%clk 0:52:53]}
Qa5 {[%clk 0:59:24]} Na4 {[%clk 0:53:09]} Qh5 {[%clk 0:59:13]} Nb6 {[%clk
0:52:53]} Rc7 {[%clk 0:58:21]} Nd4 {[%clk 0:44:18]} Qg6 {[%clk 0:55:52]} Nxd7
{[%clk 0:43:01]} Rdxd7 {[%clk 0:54:29]} Nxc6 {[%clk 0:42:43]} Rxc6 {[%clk
0:54:47]} f3 {[%clk 0:38:01]} Rdc7 {[%clk 0:53:24]} a4 {[%clk 0:36:09]} Bg5
{[%clk 0:51:42]} Rc3 {[%clk 0:33:38]} b5 {[%clk 0:48:29]} axb5 {[%clk 0:30:51]}
axb5 {[%clk 0:48:54]} Qd2 {[%clk 0:21:14]} Bxe3+ {[%clk 0:48:02]} Qxe3 {[%clk
0:19:28]} h6 {[%clk 0:48:09]} Rcd3 {[%clk 0:19:20]} bxc4 {[%clk 0:47:06]} bxc4
{[%clk 0:19:45]} Rb7 {[%clk 0:45:46]} Rb3 {[%clk 0:10:57]} Rxb3 {[%clk 0:44:45]}
Qxb3 {[%clk 0:11:21]} Qg5 {[%clk 0:44:55]} h3 {[%clk 0:10:25]} Qc5+ {[%clk
0:45:04]} Kh1 {[%clk 0:10:23]} Rb6 {[%clk 0:45:16]} Qa4 {[%clk 0:08:48]} g5
{[%clk 0:43:45]} Qa8+ {[%clk 0:08:09]} Kg7 {[%clk 0:44:05]} Qa1+ {[%clk
0:08:34]} e5 {[%clk 0:39:12]} Qa2 {[%clk 0:05:40]} Qe3 {[%clk 0:36:29]} Qa7
{[%clk 0:01:50]} h5 {[%clk 0:33:51]} Qd7 {[%clk 0:13:49]} h4 {[%clk 0:46:51]}
Qd8 {[%clk 0:07:36]} Rc6 {[%clk 0:44:47]} Ra1 {[%clk 0:06:40]} Rxc4 {[%clk
0:43:07]} Qxd6 {[%clk 0:07:01]} Qf4 {[%clk 0:42:03]} Qd7 {[%clk 0:05:34]} Rc2
{[%clk 0:35:04]} Qg4 {[%clk 0:05:58]} Qg3 {[%clk 0:33:33]} Rg1 {[%clk 0:06:24]}
Rd2 {[%clk 0:32:46]} Qf5 {[%clk 0:06:36]} Rc2 {[%clk 0:32:35]} Qg4 {[%clk
0:06:54]} Rd2 {[%clk 0:32:47]} Qf5 {[%clk 0:07:20]} Rf2 {[%clk 0:33:01]} Qd7
{[%clk 0:07:29]} Qf4 {[%clk 0:31:50]} Qc8 {[%clk 0:07:55]} Rd2 {[%clk 0:28:42]}
Qg4 {[%clk 0:08:16]} Qg3 {[%clk 0:27:59]} Qf5 {[%clk 0:08:39]} Rf2 {[%clk
0:28:23]} Qd7 {[%clk 0:09:05]} Re2 {[%clk 0:28:42]} Qf5 {[%clk 0:09:27]} Rf2
{[%clk 0:28:57]}

[Variant "Standard"]
[Site "Europe Echecs"]

[Event "Open International Graz"]
[Date "2026.02.20"]
[White "Silva, Pedro Gil Ferreira Da"]
[Black "Stein, Robert"]
[WhiteElo "2329"]
[BlackElo "2400"]
[Round "9.9.13"]
[Result "1/2-1/2"]

e4 {[%clk 1:30:54]} e5 {[%clk 1:30:55]} Nf3 {[%clk 1:31:20]} Nc6 {[%clk
1:31:19]} Nc3 {[%clk 1:31:44]} Nf6 {[%clk 1:31:20]} d4 {[%clk 1:32:10]} exd4
{[%clk 1:31:31]} Nxd4 {[%clk 1:32:36]} Bb4 {[%clk 1:31:14]} Nxc6 {[%clk
1:33:01]} bxc6 {[%clk 1:31:37]} Bd3 {[%clk 1:33:26]} d5 {[%clk 1:31:31]} exd5
{[%clk 1:33:51]} O-O {[%clk 1:30:30]} O-O {[%clk 1:33:40]} Bg4 {[%clk 1:27:53]}
f3 {[%clk 1:33:40]} Bh5 {[%clk 1:28:16]} dxc6 {[%clk 1:33:28]} Qd4+ {[%clk
1:28:38]} Kh1 {[%clk 1:33:53]} Bxc3 {[%clk 1:29:03]} bxc3 {[%clk 1:34:19]} Qxc3
{[%clk 1:29:25]} Rb1 {[%clk 1:34:43]} Bg6 {[%clk 1:27:48]} Bb2 {[%clk 1:34:11]}
Qxc6 {[%clk 1:27:54]} Bxg6 {[%clk 1:32:54]} hxg6 {[%clk 1:28:15]} Bxf6 {[%clk
1:31:07]} gxf6 {[%clk 1:26:34]} Qd3 {[%clk 1:17:55]} Rad8 {[%clk 1:19:53]} Qe4
{[%clk 1:11:57]} Qxe4 {[%clk 1:15:31]} fxe4 {[%clk 1:12:23]} Rd2 {[%clk
1:15:15]} Rxf6 {[%clk 1:11:15]} Rxc2 {[%clk 1:15:38]} Ra6 {[%clk 1:08:21]} Re8
{[%clk 1:15:52]} Rxa7 {[%clk 1:06:47]} Rxe4 {[%clk 1:16:14]} h3 {[%clk 1:06:05]}
Ree2 {[%clk 1:16:38]} Rg1 {[%clk 1:06:11]} Rxa2 {[%clk 1:13:19]} Rxc7 {[%clk
1:06:37]} Rac2 {[%clk 1:13:44]} Rxc2 {[%clk 1:07:02]} Rxc2 {[%clk 1:14:11]} Ra1
{[%clk 1:07:26]} Kg7 {[%clk 1:14:33]} Kh2 {[%clk 1:07:53]} Rd2 {[%clk 1:14:58]}
Ra6 {[%clk 1:08:18]} Rc2 {[%clk 1:15:22]} Rb6 {[%clk 1:08:46]}

[Variant "Standard"]
[Site "Europe Echecs"]

[Event "Open International Graz"]
[Date "2026.02.20"]
[White "Suder, Jakub"]
[Black "Stamatiou, Rodolfos"]
[WhiteElo "2400"]
[BlackElo "2273"]
[Round "9.9.14"]
[Result "1/2-1/2"]

d4 {[%clk 1:30:57]} Nf6 {[%clk 1:30:43]} c4 {[%clk 1:31:20]} e6 {[%clk 1:31:02]}
Nc3 {[%clk 1:31:43]} d5 {[%clk 1:30:53]} cxd5 {[%clk 1:31:45]} exd5 {[%clk
1:31:19]} Bg5 {[%clk 1:32:08]} Bb4 {[%clk 1:31:11]} Qc2 {[%clk 1:31:43]} h6
{[%clk 1:31:00]} Bxf6 {[%clk 1:32:07]} Qxf6 {[%clk 1:31:22]} a3 {[%clk 1:32:24]}
Bxc3+ {[%clk 1:31:22]} Qxc3 {[%clk 1:32:45]} O-O {[%clk 1:30:48]} e3 {[%clk
1:33:08]} c6 {[%clk 1:30:38]} Ne2 {[%clk 1:33:14]} Re8 {[%clk 1:30:26]} Ng3
{[%clk 1:31:25]} Nd7 {[%clk 1:28:59]} Be2 {[%clk 1:30:15]} Qg5 {[%clk 1:19:52]}
h4 {[%clk 1:23:24]} Qe7 {[%clk 1:17:50]} Nf5 {[%clk 1:19:40]} Qf8 {[%clk
1:16:35]} Qb4 {[%clk 1:13:51]} Qxb4+ {[%clk 1:04:51]} axb4 {[%clk 1:14:15]} Nf6
{[%clk 1:04:12]} Nd6 {[%clk 1:14:31]} Rd8 {[%clk 1:04:20]} Nxc8 {[%clk 1:14:55]}
Rdxc8 {[%clk 1:04:43]} Bd3 {[%clk 1:07:11]} a6 {[%clk 1:04:24]} Kd2 {[%clk
1:07:31]} Re8 {[%clk 1:01:39]} f3 {[%clk 1:07:09]} Nd7 {[%clk 0:53:37]} g4
{[%clk 1:03:19]} Nf8 {[%clk 0:49:25]} g5 {[%clk 1:02:22]} hxg5 {[%clk 0:40:42]}
hxg5 {[%clk 1:02:45]} g6 {[%clk 0:40:27]} f4 {[%clk 0:59:57]} Ne6 {[%clk
0:33:00]} Rag1 {[%clk 0:59:18]} Kg7 {[%clk 0:28:14]} f5 {[%clk 0:56:57]} gxf5
{[%clk 0:26:43]} Bxf5 {[%clk 0:57:05]} Rh8 {[%clk 0:24:39]} g6 {[%clk 0:52:50]}
Rxh1 {[%clk 0:22:24]} Rxh1 {[%clk 0:51:48]} Ng5 {[%clk 0:19:37]}

[Variant "Standard"]
[Site "Europe Echecs"]

[Event "Open International Graz"]
[Date "2026.02.20"]
[White "Brilej, Jaka"]
[Black "Hovakimyan, Vache"]
[WhiteElo "2397"]
[BlackElo "2287"]
[Round "9.9.15"]
[Result "1/2-1/2"]

c4 {[%clk 1:30:38]} e6 {[%clk 1:30:31]} g3 {[%clk 1:30:44]} d5 {[%clk 1:30:53]}
Bg2 {[%clk 1:30:47]} Nf6 {[%clk 1:31:13]} Nf3 {[%clk 1:31:08]} Be7 {[%clk
1:31:35]} O-O {[%clk 1:31:17]} O-O {[%clk 1:31:56]} d4 {[%clk 1:30:53]} a5
{[%clk 1:29:05]} Qc2 {[%clk 1:30:15]} Nc6 {[%clk 1:29:26]} a3 {[%clk 1:28:48]}
dxc4 {[%clk 1:29:46]} Qxc4 {[%clk 1:29:03]} a4 {[%clk 1:30:06]} Nc3 {[%clk
1:28:17]} Bd7 {[%clk 1:30:22]} Bf4 {[%clk 1:28:22]} Na5 {[%clk 1:30:40]} Qd3
{[%clk 1:22:35]} Nd5 {[%clk 1:30:58]} Ne5 {[%clk 1:19:41]} Nxf4 {[%clk 1:29:09]}
gxf4 {[%clk 1:19:26]} Be8 {[%clk 1:29:28]} Rad1 {[%clk 1:15:01]} f6 {[%clk
1:28:12]} Nc4 {[%clk 1:12:54]} c6 {[%clk 1:13:29]} Nd2 {[%clk 0:58:10]} b5
{[%clk 0:59:05]} f5 {[%clk 0:52:58]} exf5 {[%clk 0:50:20]} Qxf5 {[%clk 0:52:48]}
Qxd4 {[%clk 0:48:29]} Nxb5 {[%clk 0:50:41]} Qxb2 {[%clk 0:47:50]} Nc7 {[%clk
0:47:54]} Ra7 {[%clk 0:48:05]} Qe6+ {[%clk 0:39:33]} Bf7 {[%clk 0:45:58]} Qxe7
{[%clk 0:39:54]} Qb8 {[%clk 0:44:22]} Qb4 {[%clk 0:36:41]} Qxc7 {[%clk 0:44:35]}
Qxa4 {[%clk 0:35:59]} Nb3 {[%clk 0:31:28]} Qxc6 {[%clk 0:36:16]} Qxc6 {[%clk
0:31:52]} Bxc6 {[%clk 0:36:38]} Nd4 {[%clk 0:29:27]} Bf3 {[%clk 0:36:42]} Rxa3
{[%clk 0:29:50]} Kg2 {[%clk 0:36:13]} Re8 {[%clk 0:29:52]} e3 {[%clk 0:32:56]}
Nxf3 {[%clk 0:30:06]} Nxf3 {[%clk 0:33:17]} Bh5 {[%clk 0:30:21]} Ra1 {[%clk
0:31:50]} Bxf3+ {[%clk 0:30:39]} Kxf3 {[%clk 0:32:14]} Rxa1 {[%clk 0:31:00]}
Rxa1 {[%clk 0:32:40]}

[Variant "Standard"]
[Site "Europe Echecs"]

[Event "Open International Graz"]
[Date "2026.02.20"]
[White "Ammar, Sedrani"]
[Black "Sherman, Raem"]
[WhiteElo "2239"]
[BlackElo "2388"]
[Round "9.9.16"]
[Result "0-1"]

e4 {[%clk 1:30:57]} e5 {[%clk 1:30:52]} Nf3 {[%clk 1:31:21]} Nc6 {[%clk
1:31:16]} Bb5 {[%clk 1:31:47]} a6 {[%clk 1:31:38]} Ba4 {[%clk 1:32:12]} Nf6
{[%clk 1:32:00]} d3 {[%clk 1:32:36]} b5 {[%clk 1:32:18]} Bb3 {[%clk 1:33:00]}
Be7 {[%clk 1:32:39]} a4 {[%clk 1:33:10]} Rb8 {[%clk 1:32:25]} axb5 {[%clk
1:31:20]} axb5 {[%clk 1:32:26]} O-O {[%clk 1:31:39]} O-O {[%clk 1:32:26]} Nc3
{[%clk 1:31:05]} d6 {[%clk 1:32:24]} Nd5 {[%clk 1:28:41]} h6 {[%clk 1:24:18]} h3
{[%clk 1:27:25]} Be6 {[%clk 1:24:11]} Bd2 {[%clk 1:27:50]} Qd7 {[%clk 1:22:56]}
Ra6 {[%clk 1:24:39]} Nd8 {[%clk 1:22:04]} Qe2 {[%clk 1:24:26]} Re8 {[%clk
1:18:58]} Rfa1 {[%clk 1:22:44]} c6 {[%clk 1:18:37]} Nxf6+ {[%clk 1:19:25]} Bxf6
{[%clk 1:17:37]} Bxe6 {[%clk 1:19:48]} Nxe6 {[%clk 1:17:37]} Qe1 {[%clk
1:19:41]} Bd8 {[%clk 1:10:44]} Be3 {[%clk 1:19:00]} f5 {[%clk 0:59:39]} exf5
{[%clk 1:17:09]} Nc7 {[%clk 0:59:37]} Rb6 {[%clk 1:17:27]} Rxb6 {[%clk 0:53:37]}
Bxb6 {[%clk 1:17:06]} Qxf5 {[%clk 0:53:30]} Qc3 {[%clk 1:16:34]} Qd7 {[%clk
0:53:14]} Bxc7 {[%clk 1:16:55]} Bxc7 {[%clk 0:52:57]} Ra6 {[%clk 1:08:51]} c5
{[%clk 0:53:08]} b4 {[%clk 1:08:36]} cxb4 {[%clk 0:50:24]} Qxb4 {[%clk 1:07:54]}
d5 {[%clk 0:45:45]} Qc5 {[%clk 1:04:48]} e4 {[%clk 0:41:46]} Nd2 {[%clk
1:04:29]} Be5 {[%clk 0:32:41]} Ra7 {[%clk 0:59:18]} Qe6 {[%clk 0:32:20]} Nf1
{[%clk 0:59:14]} Rc8 {[%clk 0:31:12]} Qxb5 {[%clk 0:59:35]} Bd4 {[%clk 0:26:58]}
Ra4 {[%clk 0:51:47]} e3 {[%clk 0:21:09]} fxe3 {[%clk 0:50:57]} Bxe3+ {[%clk
0:21:35]} Kh1 {[%clk 0:51:11]} Bf2 {[%clk 0:18:50]} Qb1 {[%clk 0:51:07]} Qe2
{[%clk 0:17:24]} c4 {[%clk 0:48:13]} Be1 {[%clk 0:14:31]} Nh2 {[%clk 0:48:35]}
Rf8 {[%clk 0:14:51]} Ra1 {[%clk 0:48:57]} Bc3 {[%clk 0:11:52]} Qd1 {[%clk
0:49:02]} Qe3 {[%clk 0:11:44]} Ng4 {[%clk 0:44:38]} Qg5 {[%clk 0:11:13]} Ra2
{[%clk 0:40:12]} Re8 {[%clk 0:09:49]} Qf3 {[%clk 0:36:00]} Re1+ {[%clk 0:07:50]}
Kh2 {[%clk 0:36:28]} h5 {[%clk 0:07:35]} Nf2 {[%clk 0:30:59]} Be5+ {[%clk
0:05:40]} g3 {[%clk 0:31:26]} h4 {[%clk 0:14:17]} Qxd5+ {[%clk 0:42:16]} Kh7
{[%clk 0:14:24]} Ne4 {[%clk 0:42:23]} hxg3+ {[%clk 0:14:22]} Kg2 {[%clk
0:42:49]} Qf4 {[%clk 0:13:20]} Ng5+ {[%clk 0:33:39]} Qxg5 {[%clk 0:13:39]} d4
{[%clk 0:33:59]} Qe3 {[%clk 0:13:31]}

[Variant "Standard"]
[Site "Europe Echecs"]

[Event "Open International Graz"]
[Date "2026.02.20"]
[White "Schneider, Jana"]
[Black "Nunez Gregoire, Daniel"]
[WhiteElo "2291"]
[BlackElo "2377"]
[Round "9.9.17"]
[Result "1/2-1/2"]

e4 {[%clk 1:30:56]} e5 {[%clk 1:30:57]} Nf3 {[%clk 1:31:19]} Nc6 {[%clk
1:31:25]} Bb5 {[%clk 1:31:40]} a6 {[%clk 1:31:51]} Ba4 {[%clk 1:32:04]} Nf6
{[%clk 1:32:17]} O-O {[%clk 1:32:25]} Nxe4 {[%clk 1:32:43]} d4 {[%clk 1:31:53]}
b5 {[%clk 1:33:10]} Bb3 {[%clk 1:32:16]} d5 {[%clk 1:33:35]} dxe5 {[%clk
1:32:36]} Be6 {[%clk 1:34:04]} Qe2 {[%clk 1:32:31]} Bc5 {[%clk 1:33:44]} Nbd2
{[%clk 1:32:30]} Nxd2 {[%clk 1:33:08]} Bxd2 {[%clk 1:32:48]} O-O {[%clk
1:31:24]} c3 {[%clk 1:26:16]} Qd7 {[%clk 1:24:00]} Be3 {[%clk 1:23:32]} Bxe3
{[%clk 1:22:03]} Qxe3 {[%clk 1:20:06]} Na5 {[%clk 1:20:11]} Rfd1 {[%clk
1:16:35]} c6 {[%clk 1:14:55]} h3 {[%clk 1:04:06]} Rab8 {[%clk 0:54:10]} Qf4
{[%clk 0:56:01]} c5 {[%clk 0:49:23]} Bc2 {[%clk 0:54:43]} b4 {[%clk 0:46:03]}
Ng5 {[%clk 0:52:01]} h6 {[%clk 0:45:08]} Nh7 {[%clk 0:52:03]} Qe7 {[%clk
0:38:50]} Nf6+ {[%clk 0:46:18]} Kh8 {[%clk 0:39:06]} Nxd5 {[%clk 0:46:38]} Qg5
{[%clk 0:38:00]} Qe4 {[%clk 0:38:58]} g6 {[%clk 0:38:29]} h4 {[%clk 0:39:00]}
Qg4 {[%clk 0:36:50]} cxb4 {[%clk 0:35:23]} cxb4 {[%clk 0:35:10]} Qxg4 {[%clk
0:35:07]} Bxg4 {[%clk 0:35:39]} Rd4 {[%clk 0:35:13]} Be6 {[%clk 0:35:13]} Nxb4
{[%clk 0:34:45]} Nc4 {[%clk 0:34:38]} Nd3 {[%clk 0:25:53]} Nxb2 {[%clk 0:33:06]}
Nf4 {[%clk 0:23:59]} Bc4 {[%clk 0:24:58]} e6 {[%clk 0:18:23]} g5 {[%clk
0:19:36]} e7 {[%clk 0:16:59]} Rfe8 {[%clk 0:18:28]} Nd5 {[%clk 0:15:22]} Bxd5
{[%clk 0:17:07]} Rxd5 {[%clk 0:15:49]} Rxe7 {[%clk 0:16:05]} hxg5 {[%clk
0:12:54]} hxg5 {[%clk 0:15:09]} Rxg5 {[%clk 0:12:15]} Rc8 {[%clk 0:09:54]} Bf5
{[%clk 0:11:28]} Rd8 {[%clk 0:08:34]} Bg4 {[%clk 0:07:31]} Rde8 {[%clk 0:05:44]}
Ra5 {[%clk 0:06:57]} Nd3 {[%clk 0:05:04]} Rxa6 {[%clk 0:03:47]} Re1+ {[%clk
0:05:04]} Rxe1 {[%clk 0:04:11]} Rxe1+ {[%clk 0:05:25]} Kh2 {[%clk 0:04:37]} Nxf2
{[%clk 0:05:14]} Bf3 {[%clk 0:03:46]} Ra1 {[%clk 0:00:43]} a4 {[%clk 0:01:47]}
Kg7 {[%clk 0:00:31]} Ra7 {[%clk 0:01:19]} Ra3 {[%clk 0:14:04]} a5 {[%clk
0:12:17]} Nd3 {[%clk 0:13:35]} a6 {[%clk 0:06:57]} Ne5 {[%clk 0:13:12]} Kg3
{[%clk 0:04:00]} Nxf3 {[%clk 0:13:24]} gxf3 {[%clk 0:04:22]} Ra4 {[%clk
0:13:28]} Ra8 {[%clk 0:03:54]} Kf6 {[%clk 0:13:37]} Rh8 {[%clk 0:02:14]} Kg7
{[%clk 0:13:59]} Ra8 {[%clk 0:02:37]} Kf6 {[%clk 0:14:25]} Rh8 {[%clk 0:00:50]}
Ke5 {[%clk 0:14:25]}

[Variant "Standard"]
[Site "Europe Echecs"]

[Event "Open International Graz"]
[Date "2026.02.20"]
[White "Vantika Agrawal"]
[Black "Kozlovic, Jernej"]
[WhiteElo "2375"]
[BlackElo "2268"]
[Round "9.9.18"]
[Result "1/2-1/2"]

d4 {[%clk 1:29:25]} Nf6 {[%clk 1:30:51]} c4 {[%clk 1:29:40]} e6 {[%clk 1:31:14]}
Nf3 {[%clk 1:30:05]} Bb4+ {[%clk 1:31:26]} Bd2 {[%clk 1:30:17]} Bxd2+ {[%clk
1:31:46]} Qxd2 {[%clk 1:29:58]} O-O {[%clk 1:32:06]} Nc3 {[%clk 1:26:38]} d5
{[%clk 1:32:26]} e3 {[%clk 1:25:40]} Qe7 {[%clk 1:32:04]} cxd5 {[%clk 1:24:07]}
exd5 {[%clk 1:32:26]} Bd3 {[%clk 1:22:07]} Nc6 {[%clk 1:32:30]} h3 {[%clk
1:04:24]} Rd8 {[%clk 1:28:13]} a3 {[%clk 0:59:29]} Ne4 {[%clk 1:22:02]} Qc2
{[%clk 0:57:05]} Bf5 {[%clk 1:21:18]} Ne2 {[%clk 0:40:47]} Rd6 {[%clk 1:18:02]}
Nd2 {[%clk 0:37:45]} Na5 {[%clk 0:57:32]} Bxe4 {[%clk 0:36:13]} Bxe4 {[%clk
0:54:35]} Nxe4 {[%clk 0:35:01]} dxe4 {[%clk 0:54:39]} Ng3 {[%clk 0:25:07]} Qd7
{[%clk 0:40:36]} Nxe4 {[%clk 0:22:51]} Rc6 {[%clk 0:34:49]} Nc3 {[%clk 0:17:34]}
Rg6 {[%clk 0:33:17]} O-O {[%clk 0:14:57]} Nc4 {[%clk 0:32:42]} b3 {[%clk
0:10:47]} Nd6 {[%clk 0:31:47]} Nd5 {[%clk 0:06:46]} c6 {[%clk 0:31:58]} Nf4
{[%clk 0:07:00]} Rg5 {[%clk 0:31:59]} Rad1 {[%clk 0:05:15]} Nf5 {[%clk 0:31:23]}
d5 {[%clk 0:04:05]} Nh4 {[%clk 0:29:38]} dxc6 {[%clk 0:02:05]} Qxc6 {[%clk
0:28:56]} Qxc6 {[%clk 0:02:09]} bxc6 {[%clk 0:29:25]} Rd6 {[%clk 0:01:17]} Rb5
{[%clk 0:29:03]} b4 {[%clk 0:01:17]} a5 {[%clk 0:27:45]} Nd3 {[%clk 0:01:35]}
axb4 {[%clk 0:27:13]} axb4 {[%clk 0:02:00]} Rb6 {[%clk 0:26:32]} Rc1 {[%clk
0:02:12]} Rc8 {[%clk 0:26:42]} Rd5 {[%clk 0:00:33]} Ng6 {[%clk 0:26:16]} e4
{[%clk 0:00:34]} Ne7 {[%clk 0:26:20]} Rd6 {[%clk 0:00:34]} Kf8 {[%clk 0:26:04]}
f3 {[%clk 0:00:40]} Ke8 {[%clk 0:26:21]} Kf2 {[%clk 0:00:44]} Ra8 {[%clk
0:25:53]} Rc2 {[%clk 0:01:03]} Ra3 {[%clk 0:26:09]} Ke2 {[%clk 0:00:59]} f6
{[%clk 0:25:34]} Rd4 {[%clk 0:00:57]} Ra1 {[%clk 0:23:12]} Rd2 {[%clk 0:12:46]}
Ra4 {[%clk 0:37:58]} Rc4 {[%clk 0:09:06]} Rb8 {[%clk 0:38:00]} Rdc2 {[%clk
0:05:53]} Rd8 {[%clk 0:37:38]} Nc5 {[%clk 0:05:08]} Ra1 {[%clk 0:37:57]} Ne6
{[%clk 0:04:46]} Rb8 {[%clk 0:38:16]} Nxg7+ {[%clk 0:05:01]} Kf7 {[%clk
0:38:19]} Nf5 {[%clk 0:04:57]} Nxf5 {[%clk 0:38:11]} exf5 {[%clk 0:05:23]} Rb1
{[%clk 0:35:41]} Rxc6 {[%clk 0:05:35]} R1xb4 {[%clk 0:36:03]} Rc7+ {[%clk
0:05:58]} Kg8 {[%clk 0:36:27]} g4 {[%clk 0:05:10]} Rb2 {[%clk 0:36:40]} Kf2
{[%clk 0:05:21]} Rxc2+ {[%clk 0:37:03]} Rxc2 {[%clk 0:05:47]} Rb1 {[%clk
0:25:46]} Kg2 {[%clk 0:04:43]} Kg7 {[%clk 0:25:57]} f4 {[%clk 0:03:55]} Rb3
{[%clk 0:18:08]} Rf2 {[%clk 0:03:05]} h5 {[%clk 0:15:14]} Rf3 {[%clk 0:02:38]}
Rb1 {[%clk 0:14:15]} Ra3 {[%clk 0:02:11]} hxg4 {[%clk 0:13:05]} hxg4 {[%clk
0:02:36]} Rc1 {[%clk 0:11:07]} Ra5 {[%clk 0:01:03]} Rc2+ {[%clk 0:04:32]} Kg3
{[%clk 0:00:39]} Rc3+ {[%clk 0:05:01]} Kf2 {[%clk 0:00:34]} Rc2+ {[%clk
0:05:03]} Kg3 {[%clk 0:00:34]} Rc3+ {[%clk 0:05:32]} Kh4 {[%clk 0:00:42]} Rc4
{[%clk 0:06:01]} Ra7+ {[%clk 0:00:55]} Kg8 {[%clk 0:06:02]} Ra6 {[%clk 0:01:05]}
Kg7 {[%clk 0:06:25]} Kg3 {[%clk 0:01:08]} Rc3+ {[%clk 0:06:38]} Kf2 {[%clk
0:01:18]} Rc2+ {[%clk 0:07:05]} Kf3 {[%clk 0:01:32]} Rc3+ {[%clk 0:07:33]} Ke4
{[%clk 0:01:55]} Rc4+ {[%clk 0:07:42]} Kf3 {[%clk 0:00:32]} Rc3+ {[%clk
0:08:08]} Kg2 {[%clk 0:00:37]} Rc2+ {[%clk 0:08:35]} Kg3 {[%clk 0:00:41]} Rc3+
{[%clk 0:09:04]} Kh4 {[%clk 0:01:06]} Rc4 {[%clk 0:09:31]} Ra7+ {[%clk 0:00:49]}
Kg8 {[%clk 0:09:11]} Kh5 {[%clk 0:00:53]} Rxf4 {[%clk 0:09:37]} Rb7 {[%clk
0:01:04]} Kf8 {[%clk 0:07:52]} Kg6 {[%clk 0:01:10]} Rxg4+ {[%clk 0:08:20]} Kxf6
{[%clk 0:01:37]} Kg8 {[%clk 0:08:43]} Rb8+ {[%clk 0:01:47]} Kh7 {[%clk 0:09:13]}
Kf7 {[%clk 0:00:32]} Ra4 {[%clk 0:04:35]} Rd8 {[%clk 0:00:53]} Ra7+ {[%clk
0:04:17]} Ke6 {[%clk 0:01:10]} Ra6+ {[%clk 0:04:15]} Rd6 {[%clk 0:01:21]} Ra8
{[%clk 0:04:30]} Rd7+ {[%clk 0:00:35]} Kh6 {[%clk 0:05:00]} f6 {[%clk 0:00:52]}
Kg6 {[%clk 0:04:54]} Rg7+ {[%clk 0:00:43]} Kh6 {[%clk 0:05:23]} Rd7 {[%clk
0:00:35]} Kg6 {[%clk 0:05:53]} Ke7 {[%clk 0:00:42]} Rc8 {[%clk 0:02:49]} Ra7
{[%clk 0:00:36]} Rb8 {[%clk 0:03:11]} Rc7 {[%clk 0:00:37]} Ra8 {[%clk 0:03:34]}
Rb7 {[%clk 0:00:33]} Rc8 {[%clk 0:03:00]} Ra7 {[%clk 0:00:32]} Rb8 {[%clk
0:03:30]} Rc7 {[%clk 0:00:33]} Ra8 {[%clk 0:03:59]} Rb7 {[%clk 0:00:34]} Rc8
{[%clk 0:04:07]} f7 {[%clk 0:00:32]} Kg7 {[%clk 0:04:32]} Ra7 {[%clk 0:00:33]}
Rb8 {[%clk 0:04:58]} Rc7 {[%clk 0:00:35]} Ra8 {[%clk 0:05:28]} Rd7 {[%clk
0:00:42]} Rb8 {[%clk 0:04:35]} Ke6 {[%clk 0:00:43]} Rb1 {[%clk 0:04:26]} Re7
{[%clk 0:00:34]} Rf1 {[%clk 0:04:33]} Re8 {[%clk 0:00:33]}

[Variant "Standard"]
[Site "Europe Echecs"]

[Event "Open International Graz"]
[Date "2026.02.20"]
[White "Paikens, Reinis"]
[Black "Nurman, Alua"]
[WhiteElo "2246"]
[BlackElo "2363"]
[Round "9.9.19"]
[Result "0-1"]

c4 {[%clk 1:30:50]} Nf6 {[%clk 1:30:47]} g3 {[%clk 1:31:04]} g6 {[%clk 1:31:11]}
Bg2 {[%clk 1:31:28]} Bg7 {[%clk 1:31:37]} Nc3 {[%clk 1:31:50]} O-O {[%clk
1:31:52]} e4 {[%clk 1:31:44]} c5 {[%clk 1:31:45]} Nge2 {[%clk 1:31:56]} Nc6
{[%clk 1:31:43]} O-O {[%clk 1:31:48]} d6 {[%clk 1:32:02]} a3 {[%clk 1:31:52]} a6
{[%clk 1:32:13]} Rb1 {[%clk 1:32:12]} Bg4 {[%clk 1:32:21]} h3 {[%clk 1:32:26]}
Bxe2 {[%clk 1:32:39]} Nxe2 {[%clk 1:32:46]} b5 {[%clk 1:32:59]} cxb5 {[%clk
1:31:33]} axb5 {[%clk 1:33:27]} d4 {[%clk 1:31:49]} e5 {[%clk 1:32:29]} d5
{[%clk 1:21:54]} Nd4 {[%clk 1:31:08]} Nxd4 {[%clk 1:18:42]} exd4 {[%clk
1:17:50]} b4 {[%clk 1:16:26]} c4 {[%clk 1:11:07]} Qxd4 {[%clk 1:16:30]} Ng4
{[%clk 1:11:28]} Qd2 {[%clk 1:14:51]} Ne5 {[%clk 1:10:44]} Bb2 {[%clk 1:15:12]}
Ra4 {[%clk 0:58:09]} Ra1 {[%clk 1:00:48]} Qe7 {[%clk 0:51:07]} Ra2 {[%clk
0:59:03]} Nd3 {[%clk 0:42:59]} Bxg7 {[%clk 0:59:17]} Kxg7 {[%clk 0:43:28]} Qc3+
{[%clk 0:55:04]} Qf6 {[%clk 0:37:42]} e5 {[%clk 0:42:55]} Qxe5 {[%clk 0:36:22]}
Qxe5+ {[%clk 0:41:56]} Nxe5 {[%clk 0:36:34]} Be4 {[%clk 0:41:13]} Rfa8 {[%clk
0:32:27]} Rfa1 {[%clk 0:40:35]} R4a7 {[%clk 0:29:17]} Kg2 {[%clk 0:40:11]} Nd7
{[%clk 0:29:01]} Kf1 {[%clk 0:34:36]} Nb6 {[%clk 0:28:34]} Bg2 {[%clk 0:34:22]}
Kf6 {[%clk 0:27:22]} f4 {[%clk 0:34:45]} h5 {[%clk 0:22:43]} h4 {[%clk 0:34:10]}
c3 {[%clk 0:20:12]} Ke2 {[%clk 0:28:23]} Re8+ {[%clk 0:17:19]} Kf2 {[%clk
0:32:10]} Rea8 {[%clk 0:14:22]} Ke3 {[%clk 0:30:59]} Nc4+ {[%clk 0:08:15]} Kd3
{[%clk 0:24:28]} Re7 {[%clk 0:07:21]} a4 {[%clk 0:18:44]} Re3+ {[%clk 0:04:28]}
Kd4 {[%clk 0:18:56]} Rxg3 {[%clk 0:04:57]} axb5 {[%clk 0:19:03]} Rc8 {[%clk
0:04:57]} Bf1 {[%clk 0:16:17]} Ne3 {[%clk 0:03:34]} Bd3 {[%clk 0:16:02]} Rc4+
{[%clk 0:03:35]} Bxc4 {[%clk 0:16:00]} Nf5+ {[%clk 0:04:04]} Ke4 {[%clk
0:16:23]} Re3# {[%clk 0:04:33]}

[Variant "Standard"]
[Site "Europe Echecs"]